Demonstrating environmental sustainability through the example of Hilton of Buda

Bibliographic Details
Main Author: Butyka Gergely Norbert
Other Authors: Debreceni János
Format: Thesis
Kulcsszavak:Sustainability
Hilton Budapest
Environment
Online Access:http://dolgozattar.uni-bge.hu/18298

MARC

LEADER 00000nta a2200000 i 4500
001 dolg18298
005 20190227160856.0
008 181127suuuu hu om 000 eng d
040 |a BGE Dolgozattár Repozitórium  |b hun 
041 |a en 
100 1 |a Butyka Gergely Norbert 
245 1 0 |a Demonstrating environmental sustainability through the example of Hilton of Buda  |c Butyka Gergely Norbert  |h [elektronikus dokumentum] 
695 |a Sustainability 
695 |a Hilton Budapest 
695 |a Environment 
700 1 |a Debreceni János  |e ths 
856 4 0 |u http://dolgozattar.uni-bge.hu/18298/1/THESIS_FINAL_11_27.pdf  |z Dokumentum-elérés